[Event "BI-2014-P-0018"]
[Site "LSS email"]
[Date "2014.04.19"]
[Round "?"]
[White "Grabowski, Benedykt"]
[Black "Moreno Roman, Alejandro"]
[Result "1-0"]
[WhiteElo "1826"]
[BlackElo "1102"]
[PlyCount "65"]
[EventDate "2014.04.25"]
[EventType "tourn (corr)"]
[EventRounds "10"]
[EventCountry "GER"]
[SourceTitle "Corr 2015"]
[Source "ChessBase"]
[SourceDate "2015.07.17"]
[SourceVersion "1"]
[SourceVersionDate "2015.07.17"]
[SourceQuality "1"]

1. e4 c6 2. d4 d5 3. Nd2 dxe4 4. Nxe4 Bf5 5. Ng3 Bg6 6. h4 h6 7. Nf3 Nd7 8. h5 Bh7 9. Bd3 Bxd3 10. Qxd3 e6 11. Bf4 Ngf6 12. 0-0-0 Be7 13. Ne4 Nxe4 14. Qxe4 Nf6 15. Qd3 Nd5 16. Bd2 Bd6 17. Ne5 Bxe5 18. dxe5 Qc7 19. Qg3 0-0-0 20. c4 Nb6 21. b3 Rhg8 22. Bc3 Nd7 23. Kc2 Nc5 24. f3 f5 25. Rd6 Qf7 26. Qf4 Rxd6 27. exd6 Kd7 28. b4 Na6 29. Kb3 c5 30. b5 Nb8 31. Qe5 Kd8 32. Re1 Kd7 33. Qxc5 1-0

[Event "BI-2014-P-0018"]
[Site "LSS email"]
[Date "2014.04.19"]
[Round "?"]
[White "Moreno Roman, Alejandro"]
[Black "Fels, Bernhard"]
[Result "0-1"]
[WhiteElo "1102"]
[BlackElo "2018"]
[PlyCount "36"]
[EventDate "2014.04.25"]
[EventType "tourn (corr)"]
[EventRounds "10"]
[EventCountry "GER"]
[SourceTitle "Corr 2015"]
[Source "ChessBase"]
[SourceDate "2015.07.17"]
[SourceVersion "1"]
[SourceVersionDate "2015.07.17"]
[SourceQuality "1"]

1. c4 e5 2. Nc3 Nf6 3. Nf3 Nc6 4. d4 exd4 5. Nxd4 Bb4 6. Bg5 h6 7. Bh4 Qe7 8. Rc1 0-0 9. Nxc6 dxc6 10. e3 Rd8 11. Qb3 g5 12. Bg3 Bf5 13. Be2 Ne4 14. a3 Bxc3+ 15. bxc3 b6 16. f3 Nc5 17. Qb2 Qxe3 18. Bf2 Nd3+ 0-1

[Event "BI-2014-P-0018"]
[Site "LSS email"]
[Date "2014.04.19"]
[Round "?"]
[White "Moreno Roman, Alejandro"]
[Black "Jarabinsky, Martin"]
[Result "0-1"]
[WhiteElo "1102"]
[BlackElo "2126"]
[PlyCount "32"]
[EventDate "2014.04.25"]
[EventType "tourn (corr)"]
[EventRounds "10"]
[EventCountry "GER"]
[SourceTitle "Corr 2015"]
[Source "ChessBase"]
[SourceDate "2015.07.17"]
[SourceVersion "1"]
[SourceVersionDate "2015.07.17"]
[SourceQuality "1"]

1. c4 Nf6 2. d4 g6 3. Nc3 d5 4. cxd5 Nxd5 5. e4 Nxc3 6. bxc3 Bg7 7. Bc4 0-0 8. Ne2 c5 9. 0-0 Nc6 10. Be3 Qc7 11. Bb3 b6 12. Re1 Ba6 13. Rc1 e6 14. e5 Rad8 15. Qc2 c4 16. Ba4 b5 0-1

[Event "BI-2014-P-0018"]
[Site "LSS email"]
[Date "2014.04.19"]
[Round "?"]
[White "Somogyi, Gabor"]
[Black "Moreno Roman, Alejandro"]
[Result "1-0"]
[WhiteElo "1858"]
[BlackElo "1102"]
[PlyCount "39"]
[EventDate "2014.04.25"]
[EventType "tourn (corr)"]
[EventRounds "10"]
[EventCountry "GER"]
[SourceTitle "Corr 2015"]
[Source "ChessBase"]
[SourceDate "2015.07.17"]
[SourceVersion "1"]
[SourceVersionDate "2015.07.17"]
[SourceQuality "1"]

1. d4 c6 2. e4 d5 3. e5 Bf5 4. Nd2 e6 5. Nb3 Nd7 6. Nf3 Ne7 7. Be2 Bg6 8. 0-0 Nf5 9. Bd2 c5 10. dxc5 Bxc5 11. Nxc5 Nxc5 12. c4 dxc4 13. Bxc4 Qb6 14. b4 Nd7 15. Qa4 Ne7 16. Rfd1 Nc6 17. b5 Ncxe5 18. Nxe5 Nxe5 19. Be3 Qc7 20. b6+ 1-0

[Event "BI-2014-P-0018"]
[Site "LSS email"]
[Date "2014.04.19"]
[Round "?"]
[White "Zukan, Jakob"]
[Black "Moreno Roman, Alejandro"]
[Result "1-0"]
[WhiteElo "1773"]
[BlackElo "1102"]
[PlyCount "37"]
[EventDate "2014.04.25"]
[EventType "tourn (corr)"]
[EventRounds "10"]
[EventCountry "GER"]
[SourceTitle "Corr 2015"]
[Source "ChessBase"]
[SourceDate "2015.07.17"]
[SourceVersion "1"]
[SourceVersionDate "2015.07.17"]
[SourceQuality "1"]

1. d4 c6 2. e4 d5 3. e5 Bf5 4. Nf3 e6 5. Be2 c5 6. Be3 Nc6 7. dxc5 Qa5+ 8. c3 Qc7 9. Na3 a6 10. Qa4 Nge7 11. Nb5 Qd7 12. Nd6+ Kd8 13. Nxf7+ Ke8 14. Nxh8 g6 15. Qh4 h5 16. Ng5 Bg7 17. Nhf7 Bxe5 18. 0-0-0 Bf6 19. Nd6+ 1-0

[Event "BI-2013-F-0021"]
[Site "LSS email"]
[Date "2014.02.21"]
[Round "?"]
[White "Lauer, Fredric"]
[Black "Moreno Roman, Alejandro"]
[Result "1/2-1/2"]
[WhiteElo "1065"]
[BlackElo "1105"]
[PlyCount "83"]
[EventDate "2014.02.27"]
[EventType "tourn (corr)"]
[EventRounds "10"]
[EventCountry "GER"]
[SourceTitle "Corr 2015"]
[Source "ChessBase"]
[SourceDate "2015.07.17"]
[SourceVersion "1"]
[SourceVersionDate "2015.07.17"]
[SourceQuality "1"]

1. Nf3 d5 2. c4 c6 3. cxd5 cxd5 4. d4 Nf6 5. Nc3 Nc6 6. Bg5 e6 7. Ne5 Be7 8. Nxc6 bxc6 9. e3 0-0 10. Bd3 a6 11. 0-0 h6 12. Bh4 a5 13. Bc2 Ba6 14. Re1 Rb8 15. b3 Nd7 16. Bg3 Rc8 17. Rc1 c5 18. dxc5 Nxc5 19. h3 Bf6 20. Bb1 Re8 21. Ne2 Nd7 22. Nd4 Rxc1 23. Qxc1 Bxd4 24. exd4 Qc8 25. Qd2 a4 26. Rc1 Qb7 27. Rc7 Qb5 28. Qc2 Nf6 29. Be5 Qf1+ 30. Kh2 axb3 31. axb3 Qe2 32. Bxf6 Qxc2 33. Bxc2 gxf6 34. Ra7 Be2 35. Rc7 Rb8 36. f4 f5 37. Kg3 Kg7 38. Kf2 Ba6 39. g3 Kf6 40. Ke3 Rg8 41. Kf3 Bf1 42. h4 1/2-1/2

[Event "BI-2013-F-0021"]
[Site "LSS email"]
[Date "2014.02.21"]
[Round "?"]
[White "Moreno Roman, Alejandro"]
[Black "Leonov, Aleksandr"]
[Result "0-1"]
[WhiteElo "1105"]
[BlackElo "1014"]
[PlyCount "146"]
[EventDate "2014.02.27"]
[EventType "tourn (corr)"]
[EventRounds "10"]
[EventCountry "GER"]
[SourceTitle "Corr 2015"]
[Source "ChessBase"]
[SourceDate "2015.07.17"]
[SourceVersion "1"]
[SourceVersionDate "2015.07.17"]
[SourceQuality "1"]

1. c4 e5 2. Nc3 Nf6 3. Nf3 Nc6 4. e3 d6 5. d4 exd4 6. Nxd4 Bd7 7. Be2 Be7 8. Nxc6 Bxc6 9. 0-0 0-0 10. Bf3 Bxf3 11. Qxf3 c6 12. b3 Qc7 13. Bb2 a6 14. Rac1 b5 15. cxb5 axb5 16. Nxb5 Qb6 17. Qxc6 Qxc6 18. Rxc6 Rxa2 19. Bxf6 Bxf6 20. Nxd6 Rb2 21. Ne4 Bd8 22. Rc3 Ba5 23. Rd3 Rb8 24. Nc5 Rd8 25. Rxd8+ Bxd8 26. Rd1 Be7 27. Ne4 Rxb3 28. g3 g6 29. h4 f5 30. Ng5 h6 31. Ne6 Rb6 32. Nf4 Kf7 33. h5 gxh5 34. Nxh5 Rd6 35. Rxd6 Bxd6 36. Kg2 Kg6 37. Nf4+ Kf6 38. Kf3 Be5 39. e4 Bd4 40. exf5 Kxf5 41. Ng2 Bb6 42. Ne3+ Kg5 43. Ke4 h5 44. f4+ Kg6 45. f5+ Kf7 46. Nd5 Bf2 47. Kf4 h4 48. g4 h3 49. Kf3 Bh4 50. Nf4 h2 51. Kg2 Bg3 52. Ne2 Be5 53. Nc1 Kf6 54. Nd3 Bd6 55. Nf2 Be5 56. Nd3 Bd6 57. Nf2 Be5 58. Ne4+ Kg7 59. Nd2 Kf6 60. Nf3 Bd6 61. Nxh2 Kg5 62. Kh3 Be7 63. Nf3+ Kf4 64. Nd4 Ke4 65. Ne6 Ke5 66. Ng7 Bf6 67. Nh5 Bg5 68. Kg3 Bd8 69. Kf3 Bg5 70. Ke2 Bh4 71. Ke3 Bg5+ 72. Kd3 Bd8 73. Kc4 Be7 0-1

[Event "CP-2013-P-00036"]
[Site "LSS email"]
[Date "2013.09.30"]
[Round "?"]
[White "Moreno Roman, Alejandro"]
[Black "Gyimesi, Jenoe"]
[Result "0-1"]
[WhiteElo "1105"]
[BlackElo "1901"]
[PlyCount "54"]
[EventDate "2013.10.01"]
[EventType "tourn (corr)"]
[EventRounds "6"]
[EventCountry "GER"]
[SourceTitle "Corr 2015"]
[Source "ChessBase"]
[SourceDate "2015.07.17"]
[SourceVersion "1"]
[SourceVersionDate "2015.07.17"]
[SourceQuality "1"]

1. c4 Nf6 2. d4 e6 3. Nc3 d5 4. Nf3 c6 5. e3 Bd6 6. Bd3 0-0 7. 0-0 Nbd7 8. a3 dxc4 9. Bxc4 e5 10. dxe5 Nxe5 11. Be2 Nxf3+ 12. Bxf3 Qc7 13. g3 Bh3 14. Bg2 Bxg2 15. Kxg2 Rad8 16. Qc2 Qe7 17. b4 Rfe8 18. Bb2 a5 19. bxa5 Ra8 20. a4 Rxa5 21. Qb3 Rh5 22. Rad1 Ng4 23. h4 Bxg3 24. fxg3 Nxe3+ 25. Kh3 Nxf1 26. Rxf1 Re5 27. Nb5 Qd7+ 0-1

[Event "BI-2013-P-00029"]
[Site "LSS email"]
[Date "2013.04.23"]
[Round "?"]
[White "Moreno Roman, Alejandro"]
[Black "Grkinic, Goran"]
[Result "0-1"]
[WhiteElo "1070"]
[BlackElo "1762"]
[PlyCount "140"]
[EventDate "2013.04.25"]
[EventType "tourn (corr)"]
[EventRounds "10"]
[EventCountry "GER"]
[SourceTitle "Telechess CBM 167"]
[Source "ChessBase"]
[SourceDate "2015.07.13"]
[SourceVersion "1"]
[SourceVersionDate "2015.07.13"]
[SourceQuality "1"]

1. c4 Nf6 2. Nc3 e6 3. d4 d5 4. Nf3 Bb4 5. e3 0-0 6. Bd3 c5 7. cxd5 exd5 8. 0-0 Bxc3 9. bxc3 Bg4 10. h3 Bh5 11. Ba3 Nbd7 12. dxc5 Re8 13. Re1 Ne5 14. Be2 Nc4 15. Bxc4 dxc4 16. Qxd8 Rexd8 17. Nd4 Ne4 18. Rac1 Rac8 19. Nf5 Rc7 20. Nd4 a6 21. c6 bxc6 22. Bb4 Rd5 23. f3 Nf6 24. e4 Rdd7 25. Ba5 Rc8 26. Rb1 c5 27. Nf5 Bg6 28. Rb6 Bxf5 29. exf5 Rd2 30. Rxa6 Rxa2 31. Ra7 Nd5 32. Rc1 Ne3 33. Re1 Nxf5 34. g4 Nh4 35. Ree7 Nxf3+ 36. Kf1 Rb8 37. Reb7 Rf8 38. Bb6 Rxa7 39. Rxa7 Nd2+ 40. Ke2 Ne4 41. Kd1 Nxc3+ 42. Kc2 Ne4 43. Re7 Nf2 44. Bxc5 Nxh3 45. Re3 Rc8 46. Ra3 h6 47. Bd4 Nf4 48. Bc3 Nd5 49. Bd4 Nf4 50. Rf3 g5 51. Be3 Kg7 52. Bxf4 gxf4 53. Rxf4 Kg6 54. Kc3 f6 55. Rd4 Kg5 56. Re4 f5 57. gxf5 Kxf5 58. Rh4 Kg5 59. Rd4 h5 60. Rd5+ Kg4 61. Rd4+ Kg3 62. Rd7 h4 63. Rg7+ Kh2 64. Rh7 h3 65. Rg7 Rc6 66. Rg5 Rd6 67. Kxc4 Rd2 68. Rg7 Kh1 69. Rh7 Kg2 70. Rg7+ Kf1 0-1

[Event "BI-2013-P-00029"]
[Site "LSS email"]
[Date "2013.04.23"]
[Round "?"]
[White "Moreno Roman, Alejandro"]
[Black "Kulczycki, Michael"]
[Result "0-1"]
[WhiteElo "1070"]
[BlackElo "1902"]
[PlyCount "52"]
[EventDate "2013.04.25"]
[EventType "tourn (corr)"]
[EventRounds "10"]
[EventCountry "GER"]
[SourceTitle "Telechess CBM 167"]
[Source "ChessBase"]
[SourceDate "2015.07.13"]
[SourceVersion "1"]
[SourceVersionDate "2015.07.13"]
[SourceQuality "1"]

1. c4 e5 2. Nc3 Nf6 3. Nf3 Nc6 4. d4 exd4 5. Nxd4 Bb4 6. Bg5 h6 7. Bh4 Bxc3+ 8. bxc3 Ne5 9. e3 0-0 10. Be2 Ng6 11. Bg3 d6 12. 0-0 Ne4 13. Qc2 Re8 14. Bd3 Nxg3 15. hxg3 Ne5 16. Nf3 Nxd3 17. Qxd3 b6 18. Nd4 Bb7 19. Rfe1 Qd7 20. Qf5 Qxf5 21. Nxf5 Re5 22. Nd4 Rc5 23. Ne2 Re8 24. Red1 Rxc4 25. Rd4 Ba6 26. a4 Rc5 0-1

[Event "BI-2013-P-00029"]
[Site "LSS email"]
[Date "2013.04.23"]
[Round "?"]
[White "Nowak, Andrzej"]
[Black "Moreno Roman, Alejandro"]
[Result "1-0"]
[WhiteElo "1552"]
[BlackElo "1070"]
[PlyCount "85"]
[EventDate "2013.04.25"]
[EventType "tourn (corr)"]
[EventRounds "10"]
[EventCountry "GER"]
[SourceTitle "Telechess CBM 167"]
[Source "ChessBase"]
[SourceDate "2015.07.13"]
[SourceVersion "1"]
[SourceVersionDate "2015.07.13"]
[SourceQuality "1"]

1. f4 d5 2. Nf3 Nf6 3. e3 c5 4. b3 e6 5. Bb2 Be7 6. g3 b6 7. Bg2 Bb7 8. 0-0 0-0 9. d3 Nbd7 10. c4 Ng4 11. Qe2 Bf6 12. d4 cxd4 13. Nxd4 Bxd4 14. Bxd4 Ngf6 15. Nc3 Nc5 16. Rac1 Nce4 17. Rfd1 Qe7 18. Nxe4 dxe4 19. Be5 Rfd8 20. Rc2 Rxd1+ 21. Qxd1 Rd8 22. Rd2 Rxd2 23. Qxd2 Qd7 24. Qc2 Ng4 25. Bd4 f5 26. Qc3 Qe7 27. a4 Nf6 28. a5 Qd8 29. Qb4 Nd7 30. Qd6 Kf7 31. axb6 axb6 32. b4 Qe7 33. Qc7 Ba8 34. b5 g6 35. Qa7 Qd8 36. Bxb6 Qxb6 37. Qxd7+ Kf6 38. Kf2 Qa5 39. Bf1 h5 40. c5 Bd5 41. c6 Qa2+ 42. Be2 Bc4 43. Qd4+ 1-0

[Event "SF-2012-0-00183"]
[Site "LSS email"]
[Date "2013.01.03"]
[Round "?"]
[White "Kratky, Josef"]
[Black "Moreno Roman, Alejandro"]
[Result "1/2-1/2"]
[WhiteElo "1117"]
[BlackElo "1106"]
[PlyCount "98"]
[EventDate "2012.11.19"]
[EventType "tourn (corr)"]
[EventRounds "6"]
[EventCountry "GER"]
[SourceTitle "Telechess CBM 159"]
[Source "ChessBase"]
[SourceDate "2014.03.17"]
[SourceVersion "1"]
[SourceVersionDate "2014.03.17"]
[SourceQuality "1"]

1. e4 c6 2. d4 d5 3. e5 Bf5 4. Nc3 e6 5. g4 Bg6 6. Nge2 c5 7. Be3 cxd4 8. Bxd4 Nc6 9. h4 h6 10. Nf4 Bh7 11. a3 Nxd4 12. Qxd4 Ne7 13. Bb5+ Nc6 14. Qd2 Qb6 15. g5 0-0-0 16. Bxc6 Qxc6 17. 0-0-0 Kb8 18. Nfe2 Bc5 19. Nd4 Bxd4 20. Qxd4 Rc8 21. f4 Bf5 22. Rd2 hxg5 23. fxg5 Qc4 24. h5 Qxd4 25. Rxd4 Rc4 26. Rxc4 dxc4 27. h6 a6 28. Kd2 gxh6 29. Rxh6 Rg8 30. Rf6 Rxg5 31. Rxf7 Rg2+ 32. Ke3 Rxc2 33. Kd4 Rxb2 34. Kxc4 Rf2 35. Kd4 Rd2+ 36. Kc5 Rc2 37. Kd4 Rd2+ 38. Kc5 Ka7 39. Rxf5 exf5 40. e6 Rd8 41. e7 Re8 42. Kd6 f4 43. Kd7 Rh8 44. e8Q Rxe8 45. Kxe8 f3 46. Ne4 Kb6 47. Kd7 Ka5 48. Kc7 b5 49. Kb7 Ka4 1/2-1/2

[Event "SF-2012-0-00183"]
[Site "LSS email"]
[Date "2013.01.03"]
[Round "?"]
[White "Moreno Roman, Alejandro"]
[Black "Raines, David T"]
[Result "1/2-1/2"]
[WhiteElo "1106"]
[BlackElo "1022"]
[PlyCount "42"]
[EventDate "2012.11.19"]
[EventType "tourn (corr)"]
[EventRounds "6"]
[EventCountry "GER"]
[SourceTitle "Telechess CBM 159"]
[Source "ChessBase"]
[SourceDate "2014.03.17"]
[SourceVersion "1"]
[SourceVersionDate "2014.03.17"]
[SourceQuality "1"]

1. c4 g6 2. d4 Bg7 3. Nc3 Nf6 4. e4 d6 5. Be2 Nc6 6. Nf3 0-0 7. 0-0 e5 8. d5 Ne7 9. h3 Kh8 10. Be3 Nfg8 11. Qd2 f5 12. exf5 Nxf5 13. Ne4 Nxe3 14. Qxe3 Nf6 15. Nxf6 Qxf6 16. Nd2 Bd7 17. Ne4 Qf4 18. Qxf4 exf4 19. Rab1 Bf5 20. f3 Rae8 21. Bd3 Bd4+ 1/2-1/2

[Event "SF-2012-0-00183"]
[Site "LSS email"]
[Date "2013.01.03"]
[Round "?"]
[White "Zwaneveld, Ansel"]
[Black "Moreno Roman, Alejandro"]
[Result "1-0"]
[WhiteElo "1111"]
[BlackElo "1106"]
[PlyCount "81"]
[EventDate "2012.11.19"]
[EventType "tourn (corr)"]
[EventRounds "6"]
[EventCountry "GER"]
[SourceTitle "Telechess CBM 159"]
[Source "ChessBase"]
[SourceDate "2014.03.17"]
[SourceVersion "1"]
[SourceVersionDate "2014.03.17"]
[SourceQuality "1"]

1. d4 c6 2. Nf3 d5 3. e3 Bg4 4. Nbd2 Nf6 5. b3 e6 6. h3 Bh5 7. g4 Bg6 8. Ne5 Bd6 9. c4 Nbd7 10. f4 Be4 11. Nxe4 Nxe4 12. Qf3 0-0 13. Nxd7 Qxd7 14. c5 Bc7 15. Bd3 Ba5+ 16. Kf1 f5 17. Bxe4 fxe4 18. Qe2 b6 19. Ba3 bxc5 20. Bxc5 Rf7 21. Kg2 Bc7 22. Qa6 Bd6 23. Rac1 g5 24. Bxd6 Qxd6 25. Qxc6 Qxc6 26. Rxc6 gxf4 27. exf4 Rxf4 28. Rf1 Rxf1 29. Kxf1 Rf8+ 30. Kg2 e5 31. dxe5 e3 32. Rf6 Re8 33. e6 d4 34. Kf3 a5 35. Ke2 Kg7 36. Rf7+ Kg6 37. Rd7 h5 38. gxh5+ Kxh5 39. Rd5+ Kh4 40. Rxd4+ Kxh3 41. Re4 1-0

[Event "SF-2012-0-00150"]
[Site "LSS email"]
[Date "2012.06.08"]
[Round "?"]
[White "Lewis, Jerome A"]
[Black "Moreno Roman, Alejandro"]
[Result "0-1"]
[WhiteElo "1083"]
[BlackElo "1157"]
[PlyCount "96"]
[EventDate "2012.05.11"]
[EventType "tourn (corr)"]
[EventRounds "6"]
[EventCountry "GER"]
[SourceTitle "Telechess CBM 153"]
[Source "ChessBase"]
[SourceDate "2013.03.14"]
[SourceVersion "1"]
[SourceVersionDate "2013.03.14"]
[SourceQuality "1"]

1. e4 c6 2. Nf3 d5 3. exd5 cxd5 4. d4 Nf6 5. Bd3 Nc6 6. c3 Bg4 7. Nbd2 e6 8. h3 Bh5 9. Qc2 Bd6 10. g4 Bg6 11. Bxg6 hxg6 12. Ng5 Nxg4 13. Ndf3 Nf6 14. Bd2 Qe7 15. 0-0-0 0-0-0 16. Kb1 Kb8 17. Rde1 Rc8 18. Qd3 Qc7 19. Ne5 Bxe5 20. dxe5 Nh7 21. h4 Nxg5 22. Bxg5 Ka8 23. Bf4 Ne7 24. Qf3 Nf5 25. h5 gxh5 26. Rxh5 g6 27. Rh3 Rxh3 28. Qxh3 Qc5 29. Be3 Nxe3 30. Qxe3 Qxe3 31. Rxe3 Rh8 32. Rf3 Rh7 33. Kc2 Kb8 34. b3 Kc7 35. Kd3 Kd7 36. a4 Ke7 37. Rf4 Rh5 38. Kd4 Rf5 39. Rxf5 gxf5 40. f4 f6 41. c4 fxe5+ 42. Kxe5 dxc4 43. bxc4 b6 44. c5 bxc5 45. a5 Kd7 46. a6 Kc6 47. Kxe6 c4 48. Kxf5 c3 0-1

[Event "LSS No Engine Cup 66 Preliminary 7"]
[Site "LSS email"]
[Date "2012.05.28"]
[Round "?"]
[White "Moreno Roman, Alejandro"]
[Black "Lauer, Fredric"]
[Result "1-0"]
[WhiteElo "1132"]
[BlackElo "949"]
[PlyCount "69"]
[EventDate "2012.05.29"]
[EventType "tourn (corr)"]
[EventRounds "6"]
[EventCountry "GER"]
[SourceTitle "Telechess CBM 163"]
[Source "ChessBase"]
[SourceDate "2014.11.11"]
[SourceVersion "2"]
[SourceVersionDate "2014.11.11"]
[SourceQuality "1"]

1. c4 Nc6 2. d4 d5 3. Nc3 dxc4 4. e4 e5 5. d5 Nd4 6. Bxc4 Nf6 7. Nf3 Bg4 8. Be2 Nxe2 9. Qxe2 Bd6 10. 0-0 0-0 11. Bg5 h6 12. Bh4 a6 13. h3 Bh5 14. a3 Re8 15. b4 Rc8 16. Rac1 Kh8 17. Qe3 Kg8 18. Nd2 b6 19. Nc4 Bg6 20. Rfe1 Qe7 21. Nxd6 Qxd6 22. Bxf6 Qxf6 23. f3 Qd6 24. Re2 f6 25. Rec2 f5 26. Ne2 f4 27. Qd2 Bf7 28. Rc6 Qd7 29. Qc3 Kf8 30. Rxc7 Rxc7 31. Qxc7 Qxc7 32. Rxc7 Re7 33. Rc6 Rb7 34. Nc1 Ke7 35. Nd3 1-0

[Event "LSS No Engine Cup 66 Preliminary 7"]
[Site "LSS email"]
[Date "2012.05.28"]
[Round "?"]
[White "Moreno Roman, Alejandro"]
[Black "Rush, Bradley"]
[Result "1-0"]
[WhiteElo "1132"]
[BlackElo "867"]
[PlyCount "105"]
[EventDate "2012.05.29"]
[EventType "tourn (corr)"]
[EventRounds "6"]
[EventCountry "GER"]
[SourceTitle "Telechess CBM 163"]
[Source "ChessBase"]
[SourceDate "2014.11.11"]
[SourceVersion "2"]
[SourceVersionDate "2014.11.11"]
[SourceQuality "1"]

1. c4 g5 2. d4 h6 3. Nc3 Bg7 4. e4 e6 5. g3 d6 6. Bg2 Nd7 7. Nge2 c5 8. d5 e5 9. a3 Ngf6 10. b4 cxb4 11. axb4 b6 12. 0-0 Bb7 13. Re1 0-0 14. Bd2 a5 15. Nb5 Qb8 16. bxa5 bxa5 17. Bxa5 Nc5 18. Nec3 Ba6 19. Bc7 Qc8 20. Bxd6 Bxb5 21. Bxf8 Bxf8 22. Nxb5 Rxa1 23. Qxa1 Nd3 24. Rd1 Qxc4 25. Bf1 Qxb5 26. Bxd3 Qb3 27. Qb1 Qa4 28. Qc2 Qd4 29. Qc4 Qxc4 30. Bxc4 Nxe4 31. f3 Nd6 32. Bb3 Kg7 33. Kf2 Kf6 34. f4 exf4 35. gxf4 gxf4 36. Kf3 Kf5 37. Rd4 Kg5 38. Rxf4 f5 39. Bc2 Bg7 40. Ra4 Be5 41. h3 Nb5 42. h4+ Kh5 43. Bxf5 Bd6 44. Be6 Be7 45. Ra5 Nd4+ 46. Ke4 Nxe6 47. dxe6+ Kxh4 48. Ra7 Bc5 49. Rb7 h5 50. e7 Bxe7 51. Rxe7 Kg3 52. Rg7+ Kh3 53. Kf3 1-0

[Event "OP-2012-0-02191"]
[Site "LSS email"]
[Date "2012.05.10"]
[Round "?"]
[White "Husemann, Andreas"]
[Black "Moreno Roman, Alejandro"]
[Result "1-0"]
[WhiteElo "1907"]
[BlackElo "1157"]
[PlyCount "43"]
[EventDate "2012.05.07"]
[EventType "tourn (corr)"]
[EventRounds "4"]
[EventCountry "GER"]
[SourceTitle "Telechess CBM 153"]
[Source "ChessBase"]
[SourceDate "2013.03.14"]
[SourceVersion "1"]
[SourceVersionDate "2013.03.14"]
[SourceQuality "1"]

1. d4 d5 2. c4 Nf6 3. cxd5 Nxd5 4. Nf3 g6 5. e4 Nf6 6. Nc3 Bg7 7. Bc4 0-0 8. 0-0 c6 9. h3 e6 10. Bg5 Qc7 11. Rc1 Nbd7 12. e5 Nd5 13. Bxd5 exd5 14. Nxd5 Qa5 15. Ne7+ Kh8 16. Qb3 h6 17. Rfe1 Nb6 18. Nxc8 Raxc8 19. Be7 Rg8 20. Qxf7 Nd5 21. Bd6 g5 22. Nxg5 1-0

[Event "OP-2012-0-02191"]
[Site "LSS email"]
[Date "2012.05.10"]
[Round "?"]
[White "Moreno Roman, Alejandro"]
[Black "Piacentile, Carmine"]
[Result "0-1"]
[WhiteElo "1157"]
[BlackElo "1504"]
[PlyCount "64"]
[EventDate "2012.05.07"]
[EventType "tourn (corr)"]
[EventRounds "4"]
[EventCountry "GER"]
[SourceTitle "Telechess CBM 153"]
[Source "ChessBase"]
[SourceDate "2013.03.14"]
[SourceVersion "1"]
[SourceVersionDate "2013.03.14"]
[SourceQuality "1"]

1. c4 e6 2. d4 d5 3. Nc3 Nf6 4. Nf3 Be7 5. Bg5 0-0 6. e3 h6 7. Bh4 Nbd7 8. Bd3 dxc4 9. Bxc4 c5 10. 0-0 a6 11. a3 b5 12. Bd3 Bb7 13. dxc5 Nxc5 14. Be2 Nd5 15. Bxe7 Qxe7 16. Nxd5 Bxd5 17. Nd4 Rab8 18. b4 Ne4 19. Rc1 Rbc8 20. Bd3 Nd6 21. a4 Rxc1 22. Qxc1 bxa4 23. Bxa6 Qg5 24. g3 Qf6 25. f3 Ra8 26. Be2 Rc8 27. Qa3 e5 28. e4 Bc4 29. f4 exd4 30. e5 Qe6 31. Bxc4 Nxc4 32. Qxa4 Ne3 0-1

[Event "BI-2012-P-00026"]
[Site "LSS email"]
[Date "2012.04.20"]
[Round "?"]
[White "Moreno Roman, Alejandro"]
[Black "Kalinin, Vyacheslav"]
[Result "1/2-1/2"]
[WhiteElo "1132"]
[BlackElo "1512"]
[PlyCount "106"]
[EventDate "2012.04.22"]
[EventType "tourn (corr)"]
[EventRounds "10"]
[EventCountry "GER"]
[SourceTitle "Telechess CBM 163"]
[Source "ChessBase"]
[SourceDate "2014.11.11"]
[SourceVersion "2"]
[SourceVersionDate "2014.11.11"]
[SourceQuality "1"]

1. c4 Nf6 2. d4 e6 3. Nc3 Bb4 4. Bg5 c5 5. d5 exd5 6. cxd5 d6 7. e3 Bf5 8. Bb5+ Nbd7 9. Nge2 0-0 10. 0-0 Qb6 11. Bxd7 Nxd7 12. a3 Bxc3 13. bxc3 Ne5 14. Ng3 Bd3 15. Re1 Bg6 16. e4 Nc4 17. Rb1 Qa5 18. Qb3 b5 19. Qxb5 Qxb5 20. Rxb5 Nxa3 21. Ra5 Nc4 22. Ra4 Nb6 23. Ra6 f6 24. Bf4 Rfd8 25. Rea1 Nc8 26. f3 Be8 27. Nf5 Bb5 28. R6a5 Bd3 29. Ne3 g6 30. c4 Nb6 31. Rc1 f5 32. e5 dxe5 33. Bxe5 Re8 34. f4 Nd7 35. Rd1 Be4 36. Bd6 Rec8 37. Rda1 h6 38. Rxa7 Rxa7 39. Rxa7 Nf6 40. Ra5 Nd7 41. h3 Bd3 42. Kf2 Nb6 43. Rxc5 Rxc5 44. Bxc5 Nxc4 45. Nxc4 Bxc4 46. d6 Bb5 47. g3 Kf7 48. Ke3 Ke6 49. Kd4 h5 50. h4 Ba4 51. Bb4 Be8 52. Kc5 Ba4 53. Kb6 Kd7 1/2-1/2

[Event "BI-2011-F-00020"]
[Site "LSS email"]
[Date "2012.02.12"]
[Round "?"]
[White "Balazs, Gabor"]
[Black "Moreno Roman, Alejandro"]
[Result "0-1"]
[WhiteElo "597"]
[BlackElo "1157"]
[PlyCount "52"]
[EventDate "2012.02.15"]
[EventType "tourn (corr)"]
[EventRounds "10"]
[EventCountry "GER"]
[SourceTitle "Telechess CBM 153"]
[Source "ChessBase"]
[SourceDate "2013.03.14"]
[SourceVersion "1"]
[SourceVersionDate "2013.03.14"]
[SourceQuality "1"]

1. c4 c5 2. Nf3 Nf6 3. d4 cxd4 4. Nxd4 Nc6 5. Nc3 e6 6. a3 Bc5 7. Nb3 Be7 8. e3 0-0 9. e4 a6 10. Be2 b6 11. h4 Bb7 12. 0-0 Rc8 13. f3 d6 14. Nd4 h6 15. Nxc6 Bxc6 16. g4 Nh7 17. Bd3 Bxh4 18. b4 Bf6 19. Qd2 d5 20. exd5 exd5 21. Qh2 dxc4 22. Bxc4 Qd4+ 23. Qf2 Qxf2+ 24. Rxf2 Bxc3 25. Bb2 Bxb2 26. Ra2 Bd4 0-1